| 000 | 00000nam##2200000za#4500 |
| 001 | 9.571112 |
| 003 | CaOODSP |
| 005 | 20210624182550 |
| 007 | cr ||||||||||| |
| 008 | 150406|2008||||xxc|||||o f|0| 0 eng|d |
| 022 | |a1919-3769 |
| 040 | |aCaOODSP|beng |
| 043 | |an-cn--- |
| 086 | 1 |aFs70-7/2008-004E-PDF |
| 110 | 1 |aCanada. |bDepartment of Fisheries and Oceans. |bMaritimes Region. |
| 245 | 10|aScientific advice on causes of lobster damage in lobster fishing area (LFA) 33 and LFA 34 |h[electronic resource] |
| 246 | 1 |aCauses of lobster damage |
| 260 | |aOttawa - Ontario : |bFisheries and Oceans Canada. |cJune 2008. |
| 300 | |a25p.|bcoloured maps, graphs, table, photographs |
| 490 | 1 |aCanadian Science Advisory Secretariat - science response |x1919-3769|v2008/004, Maritimes Region |
| 590 | |a11-28-Supp|b2011-11-17 |
| 775 | 08|tAvis scientifique sur les causes des dommages subis par le homard dans les zones de pêche du homard (ZPH) 33 et 34 |w(CaOODSP)9.601752 |
| 830 | #0|aScience response (Canadian Science Advisory Secretariat)|x1919-3769|v2008/004, Maritimes Region|w(CaOODSP)9.506232 |
| 856 | 40|ahttp://publications.gc.ca|qPDF|s3.19 MB|uhttps://publications.gc.ca/collections/collection_2011/mpo-dfo/Fs70-7-2008-004-eng.pdf|y2008/004, Maritimes Region |